[Event "ch-Urals Men 2012"]
[Site "Satka RUS"]
[Date "2012.03.31"]
[Round "8"]
[White "Gorbushin,M"]
[Black "Tsvetkov,Pavel"]
[Result "1-0"]
[WhiteElo "2198"]
[BlackElo "2081"]

1.c4 b6 2.Nc3 Bb7 3.e4 e6 4.g3 Bb4 5.Nge2 f5 6.Bg2 Nf6 7.f3 fxe4 8.fxe4 O-O
9.O-O e5 10.h3 Nc6 11.d3 Bc5+ 12.Kh2 Qe8 13.Nd5 Nxd5 14.exd5 Nd4 15.Nxd4 Bxd4
16.Rxf8+ Qxf8 17.Qg4 Qd6 18.Qe2 Rf8 19.Be3 Bxe3 20.Qxe3 Bc8 21.Re1 Re8 22.d4 Qb4
23.b3 d6 24.Rf1 Rf8 25.Rxf8+ Kxf8 26.Qg5 Bd7 27.dxe5 dxe5 28.Qd8+ Be8 29.Qxc7 Qc3
30.d6  1-0

[Event "23rd Lenk Open"]
[Site "Lenk SUI"]
[Date "2012.04.06"]
[Round "2.4"]
[White "Paladini,JM"]
[Black "Sadeghi,H"]
[Result "0-1"]
[WhiteElo "2064"]
[BlackElo "2218"]

1.c4 b6 2.Nc3 Bb7 3.e4 e6 4.Nf3 Bb4 5.Qc2 Ne7 6.Be2 O-O 7.O-O f5 8.d3 Bxc3
9.bxc3 fxe4 10.dxe4 Qe8 11.Bg5 Nbc6 12.Rad1 Ng6 13.Ne1 d6 14.Bh5 e5 15.Nf3 Qe6
16.Nd2 Nf4 17.Bxf4 Rxf4 18.Be2 Kh8 19.f3 Raf8 20.Rf2 Na5 21.g3 R4f6 22.c5 dxc5
23.Nf1 Qc8 24.Ne3 Rd8 25.Ng4 Re6 26.Rff1 Nc6 27.Bc4 Re7 28.Bd5 Rd6 29.Rf2 b5
30.f4 Qxg4  0-1

[Event "Torneio Nacional de Mestres 2012"]
[Site "Lisbon POR"]
[Date "2012.04.29"]
[Round "2.1"]
[White "Rego,P"]
[Black "Diogo,V"]
[Result "1-0"]
[WhiteElo "2134"]
[BlackElo "2288"]

1.c4 b6 2.Nc3 Bb7 3.e4 e6 4.Nf3 Bb4 5.Qc2 Ne7 6.Be2 O-O 7.O-O f5 8.e5 Ng6
9.d4 Nc6 10.a3 Be7 11.b4 d6 12.exd6 Bxd6 13.Rd1 Nh4 14.c5 Nxf3+ 15.Bxf3 Be7
16.Ne2 Rf6 17.cxb6 Nxb4 18.axb4 Bxf3 19.bxc7 Qd5 20.c8=Q+ Rxc8 21.Qxc8+ Kf7
22.Nf4 Qe4 23.gxf3 Qxf3 24.Rd3 Qe4 25.Bd2  1-0

[Event "ch-CZE 2012"]
[Site "Kouty nad Desnou CZE"]
[Date "2012.05.14"]
[Round "3"]
[White "Vavra,P1"]
[Black "Polak,T"]
[Result "0-1"]
[WhiteElo "2368"]
[BlackElo "2514"]

1.c4 b6 2.d4 Bb7 3.Nc3 e6 4.a3 Nf6 5.d5 exd5 6.cxd5 g6 7.g3 Bg7 8.Bg2 O-O
9.e4 c6 10.Nge2 cxd5 11.exd5 Na6 12.O-O d6 13.Bf4 Qd7 14.b4 Nc7 15.Qd2 Rfe8
16.a4 a6 17.Be3 b5 18.Nf4 Re7 19.Qd3 Ng4 20.Bd4 Ne5 21.Qd1 bxa4 22.Nxa4 Rae8
23.Nc3 Rb8 24.Nfe2 Nb5 25.Nxb5 Qxb5 26.f4 Nd3 27.Bxg7 Kxg7 28.h3 Bxd5 29.Nd4 Qc4
30.Nf3 Rxb4 31.Ra3 Bxf3 32.Bxf3 Qc5+ 33.Kh2  0-1

[Event "4th Limpedea Cup"]
[Site "Baia Sprie ROU"]
[Date "2012.05.21"]
[Round "1.6"]
[White "Nevednichy,V"]
[Black "Smith,Bry"]
[Result "1/2-1/2"]
[WhiteElo "2553"]
[BlackElo "2444"]

1.c4 b6 2.b3 Bb7 3.Bb2 e6 4.Nf3 Nf6 5.e3 d5 6.Be2 Be7 7.O-O O-O 8.d4 dxc4
9.bxc4 c5 10.Nbd2 Nc6 11.Nb3 cxd4 12.exd4 Qd6 13.Ne5 Rfd8 14.f4 Bf8 15.Qd3 Rac8
16.Qh3 Ne7 17.Rad1 Qb4 18.f5 Nxf5 19.d5 Bc5+ 20.Kh1 Ne4 21.Bd3 Ned6 22.Ng4 Nxc4
23.Bxg7 Rxd5 24.Ba1 Kf8 25.Qxh7 Nce3 26.Nxe3 Bxe3 27.Bf6 Qg4 28.Qh8+ Qg8
29.Qh3 Qg6 30.Qh8+ Qg8 31.Qh3 Qg6 32.Qh8+  1/2-1/2

[Event "Orlova Open 2012"]
[Site "Orlova CZE"]
[Date "2012.05.25"]
[Round "5.2"]
[White "Orzechowski,J"]
[Black "Likavsky,T"]
[Result "1-0"]
[WhiteElo "2234"]
[BlackElo "2442"]

1.c4 b6 2.Nf3 Bb7 3.Nc3 e6 4.d4 Nf6 5.a3 d5 6.cxd5 exd5 7.Qa4+ c6 8.Bg5 Be7
9.e3 O-O 10.Rd1 a5 11.Bd3 Ba6 12.Bxa6 Rxa6 13.Bxf6 Bxf6 14.O-O b5 15.Qc2 a4
16.e4 dxe4 17.Nxe4 Be7 18.Rfe1 h6 19.Qe2 b4 20.Nc5 Bxc5 21.dxc5 Qa5 22.Qc4 bxa3
23.bxa3 Ra7 24.Nd4 Qa6 25.Qc3 Qc8 26.Qf3 g6 27.Qf4 h5 28.Rb1 Ra5 29.Rxb8 Qxb8
30.Qxb8 Rxb8 31.Nxc6 Raa8 32.Nxb8 Rxb8 33.g3 Kf8 34.Re4 Rb1+ 35.Kg2 Rc1 36.Rxa4 Rxc5
37.h4 Rc3 38.Kf1 Rc2 39.Re4 Ra2 40.Re3 Kg7 41.Kg2 f6 42.Re7+ Kh6 43.Ra7 g5
44.hxg5+ fxg5 45.Ra6+ Kg7 46.Kf3 Kf7 47.a4 Ra3+ 48.Kg2 h4 49.gxh4 gxh4 50.a5 h3+
51.Kg1 Ra2 52.Ra8 h2+ 53.Kxh2 Rxf2+ 54.Kg3 Rf6 55.Kg4 Rf1 56.Kg5 Rf2 57.a6 Kg7
58.Ra7+ Kf8 59.Rb7  1-0

[Event "Asian Junior Open 2012"]
[Site "Tashkent UZB"]
[Date "2012.06.06"]
[Round "8.13"]
[White "Shavdirov,Jahongir"]
[Black "Karayev,A"]
[Result "0-1"]
[WhiteElo "1903"]
[BlackElo "2276"]

1.c4 b6 2.Nc3 Bb7 3.e4 e6 4.g3 g6 5.Bg2 Bg7 6.Nge2 Ne7 7.O-O d6 8.d3 O-O
9.Be3 h6 10.Qd2 Kh7 11.f4 Qc8 12.g4 f5 13.h3 Nd7 14.Ng3 a5 15.Rae1 a4 16.Rf2 a3
17.b3 Nf6 18.exf5 gxf5 19.gxf5 Nxf5 20.Nxf5 exf5 21.d4 Bxg2 22.Rxg2 c6 23.d5 c5
24.Bf2 Re8 25.Qd3 Rxe1+ 26.Bxe1 Nh5 27.Ne2 Qd7 28.Bc3 Bxc3 29.Qxc3 Re8 30.Qf3 Nf6
31.Nc3 Qf7 32.Re2 Ne4 33.Kf1 Qg7 34.Nxe4 fxe4 35.Rxe4 Qa1+ 36.Kf2 Rg8 37.Re7+ Kh8
38.Re1 Qxa2+ 39.Re2 Qa1 40.Re1 Qd4+ 41.Qe3 Qg7 42.Qf3 a2  0-1

[Event "26th Pula Open"]
[Site "Pula CRO"]
[Date "2012.06.09"]
[Round "1.3"]
[White "Delseny,S"]
[Black "Romero Holmes,A"]
[Result "0-1"]
[WhiteElo "2019"]
[BlackElo "2521"]

1.c4 b6 2.Nc3 Bb7 3.e4 e6 4.d4 Bb4 5.Bd3 f5 6.Qe2 fxe4 7.Bxe4 Bxe4 8.Qxe4 Bxc3+
9.bxc3 Nc6 10.Nf3 Nf6 11.Qe2 O-O 12.O-O Qe7 13.Re1 Rae8 14.Rb1 Kh8 15.Rb5 d6
16.Ba3 Qd7 17.Rg5 h6 18.Rg3 Nh5 19.Rg4 e5 20.Re4 Nf4 21.Qf1 exd4 22.Rxe8 Rxe8
23.cxd4 Qf7 24.Re3 Rf8 25.g3 Ng6 26.Bb2 d5 27.cxd5 Qxd5 28.Qd3 Rf5 29.Bc3 Qf7
30.Qe2 Rd5 31.Re8+ Kh7 32.Qe4 Qf5 33.Qe6 Qxe6 34.Rxe6 Rd6 35.Re8 Nge7 36.Ne5 Nd5
37.Bb2 b5 38.h4 Rd8 39.Re6 Rd6 40.Re8 Rd8 41.Re6 Nce7 42.Ra6 Ra8 43.h5 b4
44.Nd3 Nc8 45.Re6 Ncb6 46.Bc1 a5 47.Bd2 Rd8 48.Ne5 Rd6 49.Re8 Nf6 50.Rb8 Nbd7
51.Rb5 Rxd4 52.Nxd7 Rxd7 53.Be3 Rd5 54.Rb7 Rd1+ 55.Kg2 Nd5 56.Kf3 a4 57.Bc5 Rc1
58.Bd4 Re1 59.Rb5 c6 60.Rb7 Re7 61.Rb8 Rd7 62.Bc5 Rf7+ 63.Kg2 Rf5 64.Bxb4 Rxh5
65.Bd6 Nc3 66.Ra8 Rd5 67.Bf8 Rd7 68.Bb4 Nxa2 69.Rxa4 Nxb4 70.Rxb4 c5 71.Rc4 Rc7
72.Kf3 Kg6 73.Ke4 Kg5 74.f3 Re7+ 75.Kd3 Rc7 76.Ke4 h5 77.Ke5 Rf7 78.Ke4 Re7+
79.Kd3 Rc7 80.Ke3 Kf5 81.Kd3 Ke5 82.Kc3 g6 83.Kd3 Kd5 84.f4 Ra7 85.Rc3 Ra2
86.Ke3 c4 87.Kf3 Rb2 88.Rc1 Rb3+ 89.Kf2 Kd4 90.Ra1 c3 91.Rd1+ Kc4 92.Rd6 c2
93.Rxg6 Rc3 94.Rc6+ Kb4  0-1

[Event "16th Voronezh Master Open"]
[Site "Voronezh RUS"]
[Date "2012.06.15"]
[Round "4.37"]
[White "Lutsko,I"]
[Black "Sevian,A"]
[Result "1/2-1/2"]
[WhiteElo "2335"]
[BlackElo "2223"]

1.c4 b6 2.Nc3 Bb7 3.d4 e6 4.a3 Nf6 5.Nf3 Be7 6.d5 d6 7.e4 e5 8.Bd3 a5 9.h3 O-O
10.Be3 Nbd7 11.Bc2 g6 12.Bh6 Re8 13.Ba4 Nh5 14.Qd2 Bf6 15.g3 Qe7 16.Qc2 Rec8
17.O-O Bg7 18.Bg5 f6 19.Be3 Rf8 20.Nh4 Nc5 21.Bc6 Bxc6 22.dxc6 Ne6 23.Nd5 Qf7
24.b4 Kh8 25.Kh2 Qe8 26.b5 Qf7 27.Rad1 Rab8 28.g4 Nhf4 29.Bxf4 Nxf4 30.Nxf4 exf4
31.Rd5 Rbe8 32.Re1 f5 33.gxf5 g5 34.Nf3  1/2-1/2

[Event "16th Voronezh Master Open"]
[Site "Voronezh RUS"]
[Date "2012.06.19"]
[Round "7.12"]
[White "Pavlov,S2"]
[Black "Kovalenko,I"]
[Result "0-1"]
[WhiteElo "2460"]
[BlackElo "2560"]

1.c4 b6 2.Nf3 Bb7 3.g3 Bxf3 4.exf3 c5 5.d4 cxd4 6.Qxd4 Nc6 7.Qd2 e6 8.Nc3 Qf6
9.Bg2 Bb4 10.O-O Bxc3 11.bxc3 Nge7 12.Ba3 Rd8 13.c5 bxc5 14.Bxc5 d6 15.Ba3 O-O
16.f4 d5 17.Rab1 Rfe8 18.Bc5 h6 19.Rb7 Nf5 20.Rc7 Rc8 21.Rxc8 Rxc8 22.Rb1 Qd8
23.c4 Na5 24.Bxa7 Nxc4 25.Qb4 Kh7 26.a4 Qd7 27.Bb8 Ne7 28.Qb7 Qxb7 29.Rxb7 Nc6
30.Be5 N6xe5 31.fxe5 Nxe5 32.Bf1 Rc1 33.Kg2 Ra1 34.Bb5 Kg6 35.h3 Ra2 36.Kf1 h5
37.Be8 h4 38.f4 Nc4 39.Rxf7 Ne3+ 40.Ke1 hxg3  0-1

[Event "Teplice Open 2012"]
[Site "Teplice CZE"]
[Date "2012.06.24"]
[Round "9.59"]
[White "Purkyt,Jaroslav"]
[Black "Safr,J2"]
[Result "0-1"]
[WhiteElo "1789"]
[BlackElo "1579"]

1.c4 b6 2.d3 Bb7 3.Nd2 Nf6 4.Ngf3 c5 5.g3 d5 6.cxd5 Nxd5 7.Bg2 Qc7 8.a3 g6
9.e3 Bg7 10.Rb1 Nd7 11.h4 O-O-O 12.Ne4 h6 13.Qc2 f5 14.Nc3 Nxc3 15.bxc3 Bc6
16.O-O Qb7 17.Ne1 Bxg2 18.Nxg2 Kb8 19.e4 Ne5 20.Bf4 g5 21.Bxe5+ Bxe5 22.f4 gxf4
23.Nxf4 Rhg8 24.Kh2 fxe4 25.dxe4 c4 26.Rf3 Bxf4 27.gxf4 Qa6 28.a4 Rd3 29.Rbf1 Rgd8
30.R1f2 Qb7 31.Qe2 Qd7 32.Rxd3 cxd3 33.Qd1 Qc6 34.Qe1 Qxa4 35.f5 Qc4 36.Rg2 a5
37.Kh3 a4 38.Rb2 Ka7 39.Rb4 d2 40.Qxd2 Rd3+ 41.Kg4 Qg8+ 42.Qg5 hxg5 43.Rxa4+ Kb7
44.hxg5 Rxc3 45.Kf4 Rc4  0-1

[Event "40th TCh-GRE 2012"]
[Site "Achaea GRE"]
[Date "2012.06.30"]
[Round "1.9"]
[White "Pountzas,H"]
[Black "Ilandzis,S"]
[Result "1-0"]
[WhiteElo "2126"]
[BlackElo "2135"]

1.c4 b6 2.Nc3 e6 3.Nf3 Bb7 4.e4 Bb4 5.Bd3 Ne7 6.Ne2 f5 7.Qc2 fxe4 8.Bxe4 Bxe4
9.Qxe4 Nbc6 10.O-O O-O 11.d4 Ng6 12.c5 bxc5 13.a3 Ba5 14.dxc5 Rb8 15.Bg5 Qe8
16.b4 Bxb4 17.axb4 Rxb4 18.Qc2 Rg4 19.h3 Rb4 20.Rfb1 a5 21.Rxb4 axb4 22.Ned4 Nge5
23.Nxe5 Nxe5 24.Qe4 Nf7 25.Bd2 Qe7 26.Bxb4 Qf6 27.Ra8 Nd8 28.Qe3 Qg6 29.c6 d6
30.Bxd6 cxd6 31.c7  1-0

[Event "40th TCh-GRE 2012"]
[Site "Achaea GRE"]
[Date "2012.06.30"]
[Round "1.6"]
[White "Zawadzka,J"]
[Black "Makka,I"]
[Result "1-0"]
[WhiteElo "2361"]
[BlackElo "2149"]

1.c4 b6 2.Nc3 Bb7 3.e4 c5 4.Nf3 Nc6 5.d4 cxd4 6.Nxd4 e6 7.Be2 a6 8.O-O Nf6
9.a3 Qc7 10.Nxc6 Bxc6 11.Qc2 Bd6 12.f4 Bc5+ 13.Kh1 h5 14.Bf3 h4 15.Qe2 Kf8
16.Be3 Bxe3 17.Qxe3 Nh5 18.Bxh5 Rxh5 19.h3 b5 20.cxb5 axb5 21.Rac1 Qb7 22.Rf3 g6
23.Qd3 f5 24.Qd6+ Kf7 25.Nd5 Re8 26.Rff1 fxe4 27.Nb4 e3 28.Nxc6 dxc6 29.Rxc6 Re7
30.Rcc1 Rd5 31.Qb4 Red7 32.Rg1 Rd2 33.Qc5 e2 34.Qf2 Qe4 35.Rce1 Kg8 36.Qxh4 Rxb2
37.Rc1 Rf7 38.Rc8+ Rf8 39.Rxf8+ Kxf8 40.Qf6+ Kg8 41.Qxb2 e1=Q 42.Rxe1 Qxe1+
43.Kh2 Qh4 44.Qe5 Kf7 45.Qc7+ Kg8 46.Qc8+ Kf7 47.Qd7+ Kf8 48.g3 Qf6 49.Qxb5 Qd8
50.Qb4+ Kf7 51.Qb7+ Kg8 52.h4 Qd3 53.Qb2 Qe4 54.Qa2 Kf7 55.a4 Qc6 56.a5 Qa6
57.Qd2 Kf6 58.Kg1 Kf5 59.Qc3 Kg4 60.Kf2 Qb7 61.Qd3 Kh3 62.g4+ Kxg4 63.Qg3+ Kf5
64.Qg5+ Ke4 65.Qg2+  1-0

[Event "40th TCh-GRE 2012"]
[Site "Achaea GRE"]
[Date "2012.06.30"]
[Round "1.9"]
[White "Vazoura,Aphroditi-Haralambia"]
[Black "Koutsoura,Georgia"]
[Result "1-0"]
[WhiteElo "1406"]
[BlackElo "1429"]

1.c4 b6 2.Nc3 Bb7 3.d4 Nf6 4.Nf3 Ne4 5.Nxe4 Bxe4 6.Bf4 e6 7.a3 Be7 8.e3 O-O
9.Be2 Bf6 10.O-O d6 11.Rc1 c5 12.Bd3 Bb7 13.dxc5 e5 14.cxd6 exf4 15.exf4 Na6
16.d7 Bxf3 17.gxf3 Nc5 18.Bf5 Bxb2 19.Rb1 Bxa3 20.Re1 a5 21.Qd6 Bb4 22.Re8 Rxe8
23.dxe8=Q+ Qxe8 24.Qxb6 Rb8 25.Qc7 Rb7 26.Qd6 Ne6 27.Qe5 g6 28.Bxe6 Qxe6
29.Qd5 Rd7 30.Qb5 Qf5 31.Qb8+ Kg7 32.Qe5+ Qxe5 33.fxe5 Rd4 34.Rc1 Rf4 35.c5 f6
36.c6 Be7 37.c7 fxe5 38.c8=Q Rxf3 39.Ra1 Bh4 40.Rxa5 Rxf2 41.Rxe5 Rf8 42.Qc1 Bf6
43.Rb5 Bd4+ 44.Kh1 Rf7 45.Rd5 Bf6 46.Qc6 Be7 47.Rd7 Kf8 48.Qc8+  1-0

[Event "40th TCh-GRE 2012"]
[Site "Achaea GRE"]
[Date "2012.07.03"]
[Round "5.9"]
[White "Gkikas,H"]
[Black "Liodakis,K"]
[Result "0-1"]
[WhiteElo "1894"]
[BlackElo "2073"]

1.c4 b6 2.Nf3 Bb7 3.Nc3 e6 4.d4 Bb4 5.e3 f5 6.Bd3 Nf6 7.Bd2 O-O 8.a3 Bxc3
9.Bxc3 Ne4 10.Qc2 d6 11.O-O Nd7 12.Rae1 Nxc3 13.Qxc3 Bxf3 14.gxf3 Qh4 15.Kg2 Rf6
16.Rh1 e5 17.Reg1 e4 18.Be2 Rg6+ 19.Kf1 Qh3+ 20.Ke1 exf3 21.Bd3 Rg2 22.c5 bxc5
23.Qc4+ Kh8 24.Qe6 cxd4 25.Qxf5 Qxf5 26.Bxf5 dxe3 27.Rxg2 fxg2 28.Rg1 exf2+
29.Kxf2 Rf8 30.Kxg2 Rxf5 31.Re1 Re5 32.Rc1 Rc5 33.Re1 Ne5  0-1

[Event "40th TCh-GRE 2012"]
[Site "Achaea GRE"]
[Date "2012.07.05"]
[Round "7.13"]
[White "Pountzas,H"]
[Black "Makka,I"]
[Result "1-0"]
[WhiteElo "2126"]
[BlackElo "2149"]

1.c4 b6 2.Nc3 Bb7 3.e4 c5 4.Nf3 Nc6 5.d4 cxd4 6.Nxd4 e6 7.Be2 a6 8.Be3 Qc7
9.O-O Nf6 10.Rc1 Bc5 11.f3 Nxd4 12.Bxd4 Bc6 13.Kh1 Bd6 14.Bg1 Qb8 15.Qb3 Bc7
16.Na4 b5 17.Nc5 b4 18.a3 bxa3 19.Qxa3 a5 20.Nd3 h5 21.e5 Bxe5 22.Nxe5 Qxe5
23.Rfe1 h4 24.Bf1 Qb8 25.Bc5 Nh5 26.Bd6 Qb7 27.Re5 h3 28.Qe3 hxg2+ 29.Bxg2 Qxb2
30.Ba3 Qb8 31.Qc5 Qd8 32.Rxh5 Rg8 33.Rb1 f6 34.Rh7 f5 35.Rxg7 Rh8 36.Re7+ Kf8
37.Rxd7+  1-0

[Event "86th ch-ARG 2012"]
[Site "La Plata ARG"]
[Date "2012.07.08"]
[Round "6.5"]
[White "Ricardi,P"]
[Black "Tristan,L"]
[Result "1-0"]
[WhiteElo "2500"]
[BlackElo "2449"]

1.c4 b6 2.Nf3 Bb7 3.e3 e6 4.d4 f5 5.Bd3 Nf6 6.O-O Be7 7.Nc3 O-O 8.d5 Na6
9.e4 fxe4 10.Nxe4 Nc5 11.Nxf6+ Bxf6 12.Bc2 Ba6 13.Be3 Bxc4 14.Bxc5 bxc5 15.Bxh7+ Kh8
16.Be4 Bxd5 17.Bxd5 exd5 18.Qxd5 d6 19.Rae1 Re8 20.Rxe8+ Qxe8 21.Re1 Qg8
22.Qc6 Rd8 23.b3 Qf7 24.g3 Kg8 25.Kg2 Qd7 26.Qd5+ Qf7 27.Qb7 a5 28.h4 c4
29.bxc4 Qxc4 30.Re4 Qf7 31.Qc6 d5 32.Re6 d4 33.Ng5 Bxg5 34.hxg5 Qd7 35.Qe4 d3
36.g6 d2 37.Qc4 Kf8 38.Qf4+ Kg8 39.Qh4 Qd5+ 40.Kh2  1-0

[Event "St. Pauli Open 2012"]
[Site "Hamburg GER"]
[Date "2012.07.09"]
[Round "3.2"]
[White "Moeller,H"]
[Black "Huschenbeth,N"]
[Result "0-1"]
[WhiteElo "2238"]
[BlackElo "2521"]

1.c4 b6 2.e4 Bb7 3.Nc3 Nf6 4.d3 d6 5.g3 g6 6.Bg2 c5 7.Nge2 Bg7 8.h3 O-O 9.O-O Nc6
10.Be3 e6 11.d4 e5 12.d5 Nd4 13.Qd2 Nd7 14.Rac1 a6 15.Bg5 f6 16.Bh6 b5 17.Bxg7 Kxg7
18.b3 Nxe2+ 19.Qxe2 b4 20.Na4 f5 21.exf5 gxf5 22.Qh5 Qf6 23.f4 Qg6 24.Qf3 Rae8
25.Rce1 Kh8 26.Kh2 e4 27.Qf2 Rg8 28.Nb2 Rg7 29.Rg1 Reg8 30.Bf1 Nf6 31.Be2 h5
32.Nd1 Bc8 33.Ne3 a5 34.Bd1 Bd7 35.Qb2 Qh6 36.Rg2 h4 37.Reg1 hxg3+ 38.Rxg3 Rxg3
39.Rxg3 Rxg3 40.Kxg3 Qg7+ 41.Kh4 Qh6+ 42.Kg3 Qg7+ 43.Kh4 Be8 44.Qg2 Qh6+
45.Kg3 Bh5 46.Qf2 Bxd1 47.Nxd1 Nh5+ 48.Kh2 Nxf4 49.Qg3 Nh5 50.Qh4 Qd2+ 51.Nf2 Qf4+
52.Qxf4 Nxf4 53.Kg3 e3  0-1

[Event "7th Wroclaw Open A"]
[Site "Wroclaw POL"]
[Date "2012.07.10"]
[Round "9.4"]
[White "Piorun,K"]
[Black "Nguyen,P"]
[Result "1-0"]
[WhiteElo "2489"]
[BlackElo "2393"]

1.c4 b6 2.d4 e6 3.Nc3 Bb4 4.Qc2 Bb7 5.a3 Bxc3+ 6.Qxc3 Ne7 7.Nf3 O-O 8.e3 d6
9.Be2 Nd7 10.b4 Nf6 11.O-O Ne4 12.Qc2 f5 13.Nd2 Ng6 14.f3 Nxd2 15.Qxd2 f4
16.e4 c5 17.a4 e5 18.dxc5 dxc5 19.bxc5 bxc5 20.Qxd8 Rfxd8 21.Ba3 Rd2 22.Kf2 Rc8
23.Rfd1 Rxd1 24.Rxd1 Rc7 25.g3 Kf8 26.Bb2 Bc8 27.Rd5 Kf7 28.Ba3 a6 29.Rxc5 Rxc5
30.Bxc5 Ke6 31.Bb6 Ne7 32.gxf4 exf4 33.Bd4 g5 34.c5 Kf7 35.Bc4+ Kg6 36.Be5 Nc6
37.Bc7 h6 38.Bd5 Nd4 39.c6 Ne6 40.Be5 Nc5 41.Bd4 Ne6 42.Bc3 Kh5 43.a5 Kg6
44.Ke2 Kh5 45.Kd3 g4 46.Bxe6 Bxe6 47.Be1 gxf3 48.Kd4 Kg6 49.Ke5 Kf7 50.Kd6 Bh3
51.Kc7 Ke6 52.Kb7 Ke5 53.Kxa6 Kxe4 54.Kb6 Ke3 55.a6 Ke2 56.Bh4 f2 57.Bxf2 Kxf2
58.a7 f3 59.a8=Q Kg1 60.Qb8 f2 61.Qg3+ Bg2 62.Qe3 Bxc6 63.Kxc6 h5 64.Qg3+ Kf1
65.Qg5 Ke1 66.Qe5+ Kd2 67.Qg5+ Ke1 68.Qh4  1-0

[Event "22nd Gorges Open"]
[Site "Gorges FRA"]
[Date "2012.07.11"]
[Round "4.1"]
[White "Delaunay,S"]
[Black "Colin,V"]
[Result "0-1"]
[WhiteElo "2337"]
[BlackElo "2391"]

1.c4 b6 2.Nc3 c5 3.e4 Bb7 4.g3 e6 5.Bg2 a6 6.Nge2 Qc7 7.b3 Nf6 8.O-O h5 9.Re1 h4
10.d4 cxd4 11.Nxd4 hxg3 12.hxg3 d6 13.Ba3 Nbd7 14.Rc1 Rd8 15.Rc2 Be7 16.Rd2 Kf8
17.Nc2 Ne8 18.Ne2 Nc5 19.Nf4 Nf6 20.Bxc5 dxc5 21.Rxd8+ Bxd8 22.Qd3 g5 23.Ne2 Qd7
24.Qxd7 Nxd7 25.Rd1 Ke7 26.f4 gxf4 27.gxf4 Rg8 28.Nc3 Bc7 29.Rf1 Rg3  0-1

[Event "34th Oberwart Open A"]
[Site "Oberwart AUT"]
[Date "2012.07.11"]
[Round "5.7"]
[White "Saric,A"]
[Black "Neumeier,K"]
[Result "1-0"]
[WhiteElo "2503"]
[BlackElo "2248"]

1.c4 b6 2.Nc3 Bb7 3.e4 c5 4.Nf3 Nc6 5.d4 cxd4 6.Nxd4 g6 7.Be3 Bg7 8.Be2 Nf6
9.O-O O-O 10.f3 e6 11.Qd2 d5 12.Nxc6 Bxc6 13.cxd5 exd5 14.e5 Ne8 15.f4 Nc7
16.Rad1 Qd7 17.Ne4 Rad8 18.Nf6+ Bxf6 19.exf6 d4 20.Qxd4 Qc8 21.Qc4 Bb5 22.Qc2 Bxe2
23.Qxe2 Qf5 24.Bd4 Ne6 25.Be5 Rxd1 26.Qxd1 Rd8 27.Qe2 h5 28.h3 Rd3 29.Kh2 h4
30.Qg4 Rd2 31.Qxh4 Qe4 32.Qg3 Nd4 33.Rf2 Rd1 34.Bxd4 Qxd4 35.f5 Qxf6 36.fxg6 Qxg6
37.Qb8+ Kg7 38.Qe5+ Kg8 39.Rf6 Qg7 40.Qb8+ Kh7 41.Rf4 Rd4 42.b3 Rxf4 43.Qxf4 Qf8
44.h4 Qe7 45.Kh3 Qd7+ 46.Qg4 Qd3+ 47.Qf3 Qd7+ 48.g4 Kg8 49.h5 Qe6 50.Qf4 Kg7
51.Qg5+ Kh7 52.Qf4 Kg7 53.Qd4+ Kg8 54.Kg3 Qe1+ 55.Kf4 Qc1+ 56.Kf5 Qc8+ 57.Kf4 Qc1+
58.Qe3 Qc7+ 59.Qe5 Qc1+ 60.Kf5 Qc8+ 61.Kg5 Qd8+ 62.Kf5 Qc8+ 63.Kf4 Qc1+ 64.Ke4 Qc2+
65.Kf3 Qd3+ 66.Kg2 Qd1 67.Qg5+ Kh7 68.Qf5+ Kg7 69.Qf3 Qd2+ 70.Kh3 Qg5 71.b4 Kg8
72.a3 Kg7 73.Qc3+ Kg8 74.Kg3 Kh7 75.Qd4 Qc1 76.Qe4+ Kg8 77.Qe8+ Kg7 78.Qe5+ Kg8
79.Kh4 Qh1+ 80.Kg5 Qc1+ 81.Kf6 Qc6+ 82.Ke7 Qb7+ 83.Kd8 Qf3 84.Qg5+ Kh8 85.Ke7 Qxa3
86.Qf6+ Kg8 87.Qxf7+ Kh8 88.Qf6+ Kg8 89.Qf8+ Kh7 90.Qf5+ Kg8 91.Qd5+ Kg7
92.Qd4+ Kg8 93.h6  1-0

[Event "9th South Wales Int"]
[Site "Penarth WLS"]
[Date "2012.07.11"]
[Round "7.12"]
[White "Thompson,Robert"]
[Black "Gosling,B"]
[Result "0-1"]
[WhiteElo "1985"]
[BlackElo "1939"]

1.c4 b6 2.Nf3 Bb7 3.Nc3 e6 4.g3 f5 5.Bg2 Nf6 6.O-O Be7 7.d3 O-O 8.Re1 a5
9.e4 fxe4 10.dxe4 Nc6 11.a3 Rb8 12.b3 Kh8 13.h3 Qe8 14.Be3 d6 15.Qc2 Nd7
16.Rad1 Qg6 17.Kh2 Bf6 18.Ng1 Bxc3 19.Qxc3 e5 20.Ne2 Nf6 21.Qd3 Ne7 22.Nc3 Qh5
23.Qe2 Qg6 24.Bc1 Rbe8 25.Nd5 Nexd5 26.cxd5 Bc8 27.Bd2 Re7 28.Rc1 Ref7 29.Rf1 Nh5
30.Be3 Nf4 31.Bxf4 exf4 32.gxf4 Rxf4 33.Rxc7 h5 34.Qe3 Ba6 35.Rg1 Rxf2 36.Qxb6 Bf1  0-1

[Event "16th Godesburg Open"]
[Site "Bad Godesberg GER"]
[Date "2012.07.13"]
[Round "7.11"]
[White "Jordans,R"]
[Black "Koenig,Ch"]
[Result "0-1"]
[WhiteElo "1899"]
[BlackElo "2104"]

1.c4 b6 2.Nc3 Bb7 3.Nf3 c5 4.d4 cxd4 5.Qxd4 Nc6 6.Qd1 g6 7.g3 Bg7 8.Bg2 Ne5
9.Qa4 Qc8 10.O-O Nxc4 11.Rd1 Nf6 12.Rd4 Na5 13.Ne5 Bxg2 14.Kxg2 Qb7+ 15.Kg1 Nc6
16.Nxc6 Qxc6 17.Rc4 Qxa4 18.Rxa4 O-O 19.Bg5 Rfc8 20.Rd1 d6 21.Bxf6 Bxf6 22.Nd5 Kg7
23.b3 Rc6 24.Rd3 e6 25.Nxf6 Kxf6 26.Ra6 d5 27.Kg2 Rc7 28.Rd4 Ke5 29.Rb4 Rb7
30.Kf3 Rc8 31.Rba4 Rcc7 32.g4 g5 33.Ke3 Kd6 34.Kd3 e5 35.f3 Kd7 36.e3 Kc8
37.h4 h6 38.hxg5 hxg5 39.f4 f6 40.f5 Kb8 41.Rb4 Rc5 42.Rba4 Rbc7 43.Rb4 Rc3+
44.Kd2 Rc2+ 45.Kd1 Rg2 46.Ra5 Rh7  0-1

[Event "ch-SUI Hauptturnier 1 2012"]
[Site "Flims SUI"]
[Date "2012.07.16"]
[Round "5"]
[White "Sher,M"]
[Black "Gara,A"]
[Result "1/2-1/2"]
[WhiteElo "2410"]
[BlackElo "2312"]

1.c4 b6 2.d4 Bb7 3.Nc3 e6 4.a3 f5 5.d5 Nf6 6.Nf3 Na6 7.b4 Be7 8.e3 O-O 9.Be2 Ne4
10.Bb2 Bf6 11.Qc2 c5 12.dxc6 Bxc6 13.O-O Rc8 14.Rad1 Qe8 15.Nxe4 Bxe4 16.Qd2 Bxb2
17.Qxb2 Nb8 18.Ne5 Qe7 19.f3  1/2-1/2

[Event "23rd Czech Open Rapid"]
[Site "Pardubice CZE"]
[Date "2012.07.18"]
[Round "1.7"]
[White "Pogan,N"]
[Black "Nabaty,T"]
[Result "0-1"]
[WhiteElo "2205"]
[BlackElo "2582"]

1.c4 b6 2.b3 Bb7 3.Bb2 e6 4.e3 f5 5.Nf3 Nf6 6.Be2 Be7 7.O-O O-O 8.d3 d6 9.Nd4 Qd7
10.Bf3 d5 11.cxd5 exd5 12.Nd2 c5 13.Ne2 Na6 14.a3 Nc7 15.Nf4 Bd6 16.g3 Rad8
17.Re1 Ng4 18.h3 Ne5 19.Be2 Ne6 20.Nxe6 Qxe6 21.Nf3 Nf7 22.Bf1 Be7 23.Bg2 Bf6
24.Bxf6 Qxf6 25.d4 Rc8 26.Rc1 c4 27.a4 Rfd8 28.Nd2 Ba6 29.Bf1 Qe6 30.bxc4 dxc4
31.Qc2 Nd6 32.Bg2 c3 33.Nf3 Bc4 34.Ne5 Bd5 35.Bxd5 Qxd5 36.Rb1 Ne4 37.Rec1 Rc7
38.Rb5 Qe6 39.Qb3  0-1

[Event "11th Condom IM 2012"]
[Site "Condom FRA"]
[Date "2012.07.20"]
[Round "8.4"]
[White "Ardelean,Ge"]
[Black "Villegas,P"]
[Result "1-0"]
[WhiteElo "2510"]
[BlackElo "2274"]

1.c4 b6 2.Nc3 Bb7 3.e4 e6 4.g3 f5 5.Bg2 Nf6 6.d3 fxe4 7.Nge2 Nc6 8.dxe4 Bc5
9.O-O e5 10.Na4 Nd4 11.Nxc5 Nxe2+ 12.Qxe2 bxc5 13.f4 d6 14.Bd2 Qe7 15.f5 Nd7
16.g4 h6 17.Rf3 Nb8 18.Rb3 Ba6 19.Ra3 Bb7 20.Rh3 Nc6 21.g5 O-O-O 22.Qg4 Kb8
23.b3 Nd4 24.Rf1 Rdg8 25.g6 Bc8 26.a3 Ka8 27.b4 a6 28.Be1 cxb4 29.axb4 c5
30.Qd1 Qc7 31.Kh1 Qb6 32.Qa4 cxb4 33.Bxb4 Ne2 34.Rd3 Rd8 35.Ba5  1-0

[Event "23rd Czech Open A"]
[Site "Pardubice CZE"]
[Date "2012.07.21"]
[Round "2.49"]
[White "Hess,Ro"]
[Black "Chernyshova,N"]
[Result "1-0"]
[WhiteElo "2639"]
[BlackElo "2080"]

1.c4 b6 2.d4 Bb7 3.Nc3 e6 4.Nf3 f5 5.d5 Bb4 6.Qb3 Qe7 7.a3 Bxc3+ 8.Qxc3 Nf6
9.dxe6 dxe6 10.g3 Ne4 11.Qc2 Nd7 12.Bg2 O-O 13.O-O Rad8 14.b4 a5 15.bxa5 bxa5
16.Rb1 Ndc5 17.Ne5 Rd6 18.Be3 Rb6 19.Rb5 Qd6 20.Rd1 Qxe5 21.Bd4 Qd6 22.Bxc5 Qxc5
23.Rxc5 Nxc5 24.Bxb7 Rxb7 25.Qc3 Ne4 26.Qxa5 Nf6 27.Qe5 Kf7 28.a4 Ra8 29.a5 Ra6
30.Rd8 Rba7 31.Rc8 Kg6 32.Rxc7 Rxa5 33.c5  1-0

[Event "TCh-CRC Premier 2012"]
[Site "San Jose CRC"]
[Date "2012.07.29"]
[Round "9.4"]
[White "Flores Rojas,Federico"]
[Black "Hernandez Basante,F"]
[Result "1/2-1/2"]
[WhiteElo "1929"]
[BlackElo "2235"]

1.c4 b6 2.Nc3 Bb7 3.e4 e6 4.Nge2 Ne7 5.g3 c5 6.Bg2 Nf5 7.O-O Nd4 8.d3 Be7
9.Be3 Nbc6 10.f4 d6 11.h3 O-O 12.g4 Bf6 13.Qd2 a6 14.g5 Nxe2+ 15.Nxe2 Bd4
16.Bxd4 Nxd4 17.Nxd4 cxd4 18.Rac1 Rb8 19.h4 f5 20.Bh3 Qe8 21.exf5 exf5 22.Rfe1 Qh5
23.Qf2 Rbe8 24.Rxe8 Qxe8 25.Re1 Qc6 26.Bg2 Qxg2+ 27.Qxg2 Bxg2 28.Kxg2 Kf7
29.Kf2 Rc8 30.Rc1  1/2-1/2

[Event "Tabor Open 2012"]
[Site "Tabor CZE"]
[Date "2012.07.31"]
[Round "4.5"]
[White "Steiner,B"]
[Black "Neuman,P"]
[Result "1/2-1/2"]
[WhiteElo "2173"]
[BlackElo "2476"]

1.c4 b6 2.g3 Bb7 3.Nf3 f5 4.Bg2 Nf6 5.d3 e6 6.O-O Be7 7.Nc3 O-O 8.e4 fxe4
9.Ng5 Nc6 10.Ngxe4 Nxe4 11.Bxe4 Na5 12.Qe2 Bxe4 13.Qxe4 Nc6 14.Bf4 Bf6 15.Kg2 Nd4
16.f3 Rf7 17.Bxc7 d5 18.Qxd4  1/2-1/2

[Event "Chess House IM 2012"]
[Site "Aarhus DEN"]
[Date "2012.07.5"]
[Round "4.1"]
[White "Semcesen,D"]
[Black "Eggleston,D"]
[Result "1-0"]
[WhiteElo "2464"]
[BlackElo "2323"]

1.c4 b6 2.Nc3 Bb7 3.d4 Nf6 4.f3 Nc6 5.d5 Ne5 6.e4 e6 7.f4 Ng6 8.e5 Ng8 9.Be3 Bb4
10.Ne2 exd5 11.a3 Bxc3+ 12.Nxc3 dxc4 13.Qd2 N8e7 14.Bxc4 Nf5 15.O-O-O Bxg2
16.Rhg1 Bf3 17.Rdf1 Bc6 18.Bf2 d6 19.e6 f6 20.Nd5 Nge7 21.Nxe7 Qxe7 22.Bd5 Bb5
23.Bxa8 Bxf1 24.Rxf1 g6 25.Bc6+ Kf8 26.Qd5 Rg8 27.Rg1 Rg7 28.Bd7 Qd8 29.Be1 Ne7
30.Qb7 a5 31.Bc3 Nf5 32.Bxf6  1-0